Fast typing - "Dust-Dipped" - Statistics

General Stats
  • This quiz has been taken 6 times
  • The average score is 6 of 16
Answer Stats
Hint Answer % Correct
We were tame children, we fell to sleep, like gunpowder We were tame children, we fell to sleep, like gunpowder
100%
We were wild children, we moved through space, like blades We were wild children, we moved through space, like blades
100%
We were godless children, we claimed Christ healed, like Wolverine We were godless children, we claimed Christ healed, like Wolverine
50%
We were loud children, we bit and bickered, like mice We were loud children, we bit and bickered, like mice
50%
We were pious children, we read Marvel comics, like scripture We were pious children, we read Marvel comics, like scripture
50%
We were poor children, we ran to showers, like harvests We were poor children, we ran to showers, like harvests
50%
We were quiet children, we meditated, like drill sergeants We were quiet children, we meditated, like drill sergeants
50%
We were rich children, we clutched our towels, like fences We were rich children, we clutched our towels, like fences
50%
We were smart children, we hoarded fruit, like fossil fuel We were smart children, we hoarded fruit, like fossil fuel
50%
We were stupid children, we plucked hot coal, like fruit We were stupid children, we plucked hot coal, like fruit
50%
We were hopeful children, we charged out, like lightning We were hopeful children, we charged out, like lightning
0%
We were hopeless children, we fell to earth, like dust We were hopeless children, we fell to earth, like dust
0%
We were humble children, we studied stars, like afronauts We were humble children, we studied stars, like afronauts
0%
We were lazy children, we lifted toothpicks, like javelins We were lazy children, we lifted toothpicks, like javelins
0%
We were proud children, we graduated, like thunder gods We were proud children, we graduated, like thunder gods
0%
We were sporty children, we evaded tests, like hurdlers We were sporty children, we evaded tests, like hurdlers
0%
No matching quizzes found
Score Distribution
Percent of People with Each Score
Percentile by Number Answered
Your Score History
You have not taken this quiz